书目信息 |
| 题名: |
黄河恋 红河情
|
|
| 作者: | 陈剑戈 著 | |
| 分册: | ||
| 出版信息: | 北京 当代世界出版社 2000.4 |
|
| 页数: | 10,380页 | |
| 开本: | 21cm | |
| 丛书名: | ||
| 单 册: | ||
| 中图分类: | K825.46=76 , K833.335.2=6 | |
| 科图分类: | ||
| 主题词: | ||
| 电子资源: | ||
| ISBN: | 7-80115-313-8 | |
| 000 | 01140cam0 2200301 450 | |
| 001 | 012005070066 | |
| 005 | 20051021101010.1 | |
| 010 | @a7-80115-313-8@dCNY21.00 | |
| 100 | @a20050716d2000 em y0chiy0121 ea | |
| 101 | 0 | @achi |
| 102 | @aCN@b110000 | |
| 105 | @af z 000yd | |
| 200 | 1 | @a黄河恋 红河情@Ahuang he lian hong he qing@e我与两国将军洪水@f陈剑戈著 |
| 210 | @a北京@c当代世界出版社@d2000.4 | |
| 215 | @a10,380页@c照片@d21cm | |
| 314 | @a陈剑戈,女,原名陈玉英,山西五台县人,历任北京六一幼儿院院长、北京市教育局副局长,1983年离休。 | |
| 330 | @a本书生动记述了一位中国女性与一位越籍将军传奇的人生经历,内容包括:深情的黄土地;黄河之恋;异国征战;两心相映;痛失爱女;祖国在召唤等。 | |
| 517 | 1 | @a我与两国将军洪水@Awo yu liang guo jiang jun hong shui |
| 600 | 0 | @a陈剑戈@Achen jian ge@c(女)@x生平事迹 |
| 600 | 0 | @a洪水@Ahong shui@x生平事迹 |
| 600 | 0 | @a陈剑戈@Achen jian ge@c(女) |
| 600 | 0 | @a洪水@Ahong shui |
| 690 | @aK825.46=76@v4 | |
| 690 | @aK833.335.2=6@v4 | |
| 701 | 0 | @a陈剑戈@Achen jian ge@c(女)@4著 |
| 801 | 0 | @aCN@bSRXX@c20050107 |
| 801 | 2 | @aCN@bSRXX@c20051021 |
| 905 | @a10447@dK825.46=76@eC462 | |
| 黄河恋 红河情:我与两国将军洪水/陈剑戈著.-北京:当代世界出版社,2000.4 |
| 10,380页:照片;21cm |
| ISBN 7-80115-313-8:CNY21.00 |
| 本书生动记述了一位中国女性与一位越籍将军传奇的人生经历,内容包括:深情的黄土地;黄河之恋;异国征战;两心相映;痛失爱女;祖国在召唤等。 |
| ● |
| 相关链接 |
|
|
|
正题名:黄河恋 红河情
索取号:K825.46=76/C462
 
预约/预借
| 序号 | 登录号 | 条形码 | 馆藏地/架位号 | 状态 | 备注 |
| 1 | 542509 | 205425093 | 社科库309/309社科库 50排6列3层/ [索取号:K825.46=76/C462] | 在馆 | |
| 2 | 542510 | 205425100 | 社科库309/309社科库 50排6列3层/ [索取号:K825.46=76/C462] | 在馆 |